[Event "GER-ch Blitz (Women)"]
[Site "Viernheim"]
[Date "2023.07.15"]
[Round "8"]
[White "Muetsch, Annmarie"]
[Black "Ries, Jutta"]
[Result "0-1"]
[WhiteElo "2230"]
[BlackElo "2019"]
[PlyCount "94"]
[EventDate "2023.07.15"]
[EventType "tourn (blitz)"]
[EventRounds "27"]
[EventCountry "GER"]
[SourceTitle "CBM 215 Extra"]
[Source "ChessBase"]
[SourceDate "2023.09.30"]
[SourceVersion "1"]
[SourceVersionDate "2023.09.30"]
[SourceQuality "1"]

1. e4 c5 2. Nf3 e6 3. d4 cxd4 4. Nxd4 a6 5. Nc3 Qc7 6. Bd3 b5 7. 0-0 Bb7 8. Kh1 Nf6 9. f4 d6 10. Qf3 Nbd7 11. Re1 Be7 12. a4 b4 13. Na2 a5 14. Nb5 Qb8 15. Qg3 0-0 16. c3 bxc3 17. Naxc3 Nc5 18. Bc2 Rc8 19. e5 Nd5 20. Qh3 g6 21. Ne4 Nxe4 22. Bxe4 Nb4 23. Bxb7 Qxb7 24. exd6 Bf6 25. Nc7 Rxc7 26. dxc7 Qxc7 27. Be3 Bxb2 28. Rab1 Bg7 29. Rec1 Qd7 30. Bc5 Nd3 31. Qf3 Rd8 32. Rd1 Qc7 33. Bg1 Nb4 34. Rbc1 Qe7 35. Rxd8+ Qxd8 36. Qb7 Qd2 37. Qa8+ Bf8 38. Rc8 Qd6 39. Qxa5 Kg7 40. Ra8 Nc6 41. Qb6 Qd5 42. h3 Nb4 43. a5 Nd3 44. Qd8 Bd6 45. Qg8+ Kh6 46. Rd8 Nxf4 47. Be3 Qxg2# 0-1

[Event "GER-ch Blitz (Women)"]
[Site "Viernheim"]
[Date "2023.07.15"]
[Round "25"]
[White "Ries, Jutta"]
[Black "Groeschel, Karoline"]
[Result "1-0"]
[WhiteElo "2019"]
[BlackElo "1934"]
[PlyCount "71"]
[EventDate "2023.07.15"]
[EventType "tourn (blitz)"]
[EventRounds "27"]
[EventCountry "GER"]
[SourceTitle "CBM 215 Extra"]
[Source "ChessBase"]
[SourceDate "2023.09.30"]
[SourceVersion "1"]
[SourceVersionDate "2023.09.30"]
[SourceQuality "1"]

1. f4 d5 2. Nf3 g6 3. e3 Bg7 4. Nc3 Nf6 5. b3 c5 6. Bb2 Nc6 7. Bb5 0-0 8. Bxc6 bxc6 9. Na4 Ne4 10. Bxg7 Kxg7 11. 0-0 Qa5 12. d3 Nc3 13. Qe1 d4 14. exd4 cxd4 15. Nxd4 c5 16. Nf3 Qc7 17. Qxc3+ Kg8 18. Qe5 Qa5 19. Qxc5 Qd8 20. Rae1 e6 21. Ne5 Bb7 22. Qe3 Rc8 23. c4 a6 24. d4 Qd6 25. Rd1 Rfd8 26. Nc5 Ba8 27. Ne4 Qb6 28. c5 Qb7 29. c6 Qb6 30. Nf6+ Kg7 31. Nfd7 Qc7 32. Rc1 Qd6 33. Nb6 Bxc6 34. Nxc8 Rxc8 35. Nxc6 Rxc6 36. Qe5+ 1-0

[Event "GER-ch Blitz (Women)"]
[Site "Viernheim"]
[Date "2023.07.15"]
[Round "4"]
[White "Ries, Jutta"]
[Black "Wagner, Dinara"]
[Result "0-1"]
[WhiteElo "2019"]
[BlackElo "2447"]
[PlyCount "49"]
[EventDate "2023.07.15"]
[EventType "tourn (blitz)"]
[EventRounds "27"]
[EventCountry "GER"]
[SourceTitle "CBM 215 Extra"]
[Source "ChessBase"]
[SourceDate "2023.09.30"]
[SourceVersion "1"]
[SourceVersionDate "2023.09.30"]
[SourceQuality "1"]

1. f4 d6 2. Nf3 Nc6 3. b3 e5 4. fxe5 dxe5 5. e4 Nf6 6. d3 Bc5 7. Ba3 Qe7 8. Bxc5 Qxc5 9. c3 0-0 10. Qd2 Be6 11. b4 Qd6 12. Na3 Rad8 13. Rd1 a5 14. Nb5 Qe7 15. Qb2 axb4 16. cxb4 Bg4 17. a3 Bxf3 18. gxf3 Nh5 19. h4 Nf4 20. Nc3 Nd4 21. Kf2 Qf6 22. Ne2 Nxf3 23. Ke3 Nd4 24. Nxd4 Rxd4 25. Be2 0-1

[Event "GER-ch Blitz (Women)"]
[Site "Viernheim"]
[Date "2023.07.15"]
[Round "16"]
[White "Stangl, Anita"]
[Black "Ries, Jutta"]
[Result "0-1"]
[WhiteElo "2037"]
[BlackElo "2019"]
[PlyCount "76"]
[EventDate "2023.07.15"]
[EventType "tourn (blitz)"]
[EventRounds "27"]
[EventCountry "GER"]
[SourceTitle "CBM 215 Extra"]
[Source "ChessBase"]
[SourceDate "2023.09.30"]
[SourceVersion "1"]
[SourceVersionDate "2023.09.30"]
[SourceQuality "1"]

1. e4 Nf6 2. Nc3 d5 3. e5 Nfd7 4. d4 c5 5. dxc5 e6 6. Bb5 Bxc5 7. Qg4 Bf8 8. Nf3 Nc6 9. 0-0 Qb6 10. Be3 Qc7 11. Bf4 a6 12. Bd3 h6 13. Nxd5 exd5 14. e6 Nde5 15. exf7+ Qxf7 16. Bxe5 Bxg4 17. Rfe1 Bxf3 18. gxf3 Nxe5 19. Rxe5+ Be7 20. Rae1 Rd8 21. Re6 Qxe6 22. Rxe6 Kf7 23. Rb6 Rd6 24. Rxb7 Rf8 25. c4 dxc4 26. Bxc4+ Kf6 27. Kg2 Rfd8 28. b3 R8d7 29. Rb8 Bd8 30. Ra8 g5 31. Bxa6 Rd2 32. Bb5 Re7 33. f4 gxf4 34. Kf3 Bb6 35. Kxf4 Rxf2+ 36. Kg3 Rg7+ 37. Kh3 Bc7 38. Ra6+ Ke5 0-1

[Event "BL2 Sued 2122 (Women)"]
[Site "Germany"]
[Date "2022.03.20"]
[Round "5.2"]
[White "Siegl, Melina"]
[Black "Ries, Jutta"]
[Result "0-1"]
[WhiteElo "1986"]
[BlackElo "2001"]
[PlyCount "86"]
[EventDate "2021.11.27"]
[EventType "team-tourn"]
[EventRounds "7"]
[EventCountry "GER"]
[SourceTitle "EXT 2023"]
[Source "ChessBase"]
[SourceDate "2022.10.05"]
[SourceVersion "1"]
[SourceVersionDate "2022.10.05"]
[SourceQuality "1"]
[WhiteTeam "Stuttgart Wolfbusch (W)"]
[BlackTeam "Gernsheim (W)"]
[WhiteTeamCountry "GER"]
[BlackTeamCountry "GER"]

1. e4 Nf6 2. e5 Nd5 3. c4 Nb6 4. d4 d6 5. exd6 cxd6 6. Nc3 g6 7. Be3 Bg7 8. Nf3 Bg4 9. h3 Bxf3 10. Qxf3 Nc6 11. Rd1 0-0 12. Be2 e6 13. Qg3 d5 14. c5 Nc8 15. Qf3 N8e7 16. 0-0 Nf5 17. Qf4 Qf6 18. Nb5 a6 19. Nd6 Nfxd4 20. Rxd4 Nxd4 21. Qxd4 Qxd4 22. Bxd4 Bxd4 23. Nxb7 Ra7 24. c6 Rc8 25. Rd1 Bb6 26. Rc1 Rxb7 27. Bxa6 Rbc7 28. Bxc8 Rxc8 29. b4 Kf8 30. a4 Ke7 31. Kf1 Kd6 32. b5 e5 33. Ke2 f5 34. f3 f4 35. Kd3 Ba5 36. Rc2 g5 37. Re2 h5 38. Rc2 Rc7 39. Re2 g4 40. hxg4 hxg4 41. Rb2 Rg7 42. Rb3 gxf3 43. gxf3 Rg2 0-1

[Event "GER-chT Federal Cup (Women)"]
[Site "Braunfels"]
[Date "2021.10.22"]
[Round "2.11"]
[White "Daemering, Katrin"]
[Black "Ries, Jutta"]
[Result "1/2-1/2"]
[WhiteElo "1990"]
[BlackElo "1994"]
[PlyCount "92"]
[EventDate "2021.10.19"]
[EventType "team-tourn"]
[EventRounds "5"]
[EventCountry "GER"]
[SourceTitle "CBM 204 Extra"]
[Source "ChessBase"]
[SourceDate "2021.11.30"]
[SourceVersion "1"]
[SourceVersionDate "2021.11.30"]
[SourceQuality "1"]

1. Nf3 Nf6 2. g3 g6 3. Bg2 Bg7 4. d3 0-0 5. 0-0 d5 6. Nbd2 Re8 7. e4 e5 8. exd5 Nxd5 9. Re1 Nc6 10. Nc4 Nb6 11. Nxb6 axb6 12. a3 Be6 13. Rb1 h6 14. Bd2 Qd7 15. Qc1 Kh7 16. Bc3 Bh3 17. Bh1 Rad8 18. Qd2 Re7 19. Re2 Bg4 20. Rbe1 Bxf3 21. Bxf3 Nd4 22. Bxd4 Qxd4 23. c3 Qxd3 24. Qxd3 Rxd3 25. Bxb7 f5 26. Ba6 Rd6 27. Bb5 c6 28. Ba4 Red7 29. Kg2 Bf6 30. h4 Kg7 31. Bc2 h5 32. Kf1 b5 33. Kg2 Kf8 34. f3 Rd2 35. Kf2 Ke7 36. Rxd2 Rxd2+ 37. Re2 Rd6 38. Ke1 c5 39. Rd2 Rxd2 40. Kxd2 Ke6 41. a4 bxa4 42. Bxa4 g5 43. Be8 gxh4 44. gxh4 Bxh4 45. Bxh5 Be7 46. Kd3 Kd6 1/2-1/2

[Event "GER-ch Blitz (Women)"]
[Site "Magdeburg"]
[Date "2021.08.01"]
[Round "9"]
[White "Muetsch, Annmarie"]
[Black "Ries, Jutta"]
[Result "1-0"]
[WhiteElo "2259"]
[BlackElo "1976"]
[PlyCount "119"]
[EventDate "2021.08.01"]
[EventType "tourn (blitz)"]
[EventRounds "21"]
[EventCountry "GER"]
[SourceTitle "CBM 203 Extra"]
[Source "ChessBase"]
[SourceDate "2021.09.30"]
[SourceVersion "1"]
[SourceVersionDate "2021.09.30"]
[SourceQuality "1"]

1. e4 Nf6 2. e5 Nd5 3. d4 d6 4. Bc4 Nb6 5. Bd3 g6 6. Ne2 Bg7 7. f4 0-0 8. 0-0 c5 9. c3 c4 10. Bc2 d5 11. f5 N8d7 12. Nf4 Nxe5 13. dxe5 Bxe5 14. Be3 Qd6 15. Nd2 Bxf5 16. Bxf5 gxf5 17. Qh5 Kh8 18. Qxf5 Nd7 19. Nf3 Bg7 20. Ng5 Nf6 21. Nh5 Qd7 22. Qc2 Ne4 23. Nxe4 dxe4 24. Qxe4 f5 25. Qh4 e5 26. Nxg7 Qxg7 27. Bh6 Qf6 28. Qxf6+ Rxf6 29. Bg5 Rf7 30. Rae1 Re8 31. Rf2 Kg7 32. Rfe2 e4 33. g3 Kg6 34. Bf4 Rd7 35. Rd2 Red8 36. Red1 Rd3 37. Rxd3 cxd3 38. Kf2 Rd5 39. b3 Ra5 40. Rd2 b5 41. Ke3 Ra6 42. g4 Rc6 43. Be5 a5 44. Bd4 b4 45. c4 h6 46. gxf5+ Kxf5 47. Rf2+ Kg4 48. Kxe4 Re6+ 49. Kxd3 Ra6 50. c5 h5 51. Kc4 h4 52. Kb5 Ra8 53. c6 h3 54. c7 a4 55. bxa4 Kg5 56. Kc6 Rxa4 57. c8Q Rxa2 58. Qg8+ Kh5 59. Rf5+ Kh6 60. Be3# 1-0

[Event "GER-ch Blitz (Women)"]
[Site "Magdeburg"]
[Date "2021.08.01"]
[Round "8"]
[White "Ries, Jutta"]
[Black "Albayrak, Berrak"]
[Result "1/2-1/2"]
[WhiteElo "1976"]
[BlackElo "1484"]
[PlyCount "154"]
[EventDate "2021.08.01"]
[EventType "tourn (blitz)"]
[EventRounds "21"]
[EventCountry "GER"]
[SourceTitle "CBM 203 Extra"]
[Source "ChessBase"]
[SourceDate "2021.09.30"]
[SourceVersion "1"]
[SourceVersionDate "2021.09.30"]
[SourceQuality "1"]

1. f4 d6 2. Nf3 Nf6 3. b3 g6 4. Bb2 Bg7 5. e3 c5 6. Bb5+ Nbd7 7. 0-0 a6 8. Bxd7+ Qxd7 9. d3 0-0 10. Nbd2 b5 11. Qe2 Bb7 12. e4 Rac8 13. c4 b4 14. d4 cxd4 15. Bxd4 Qc6 16. Rae1 a5 17. e5 dxe5 18. Nxe5 Qc7 19. Ndf3 Rfe8 20. Qe3 e6 21. Bb6 Qe7 22. Ng5 Nd7 23. Ngxf7 Nxb6 24. Qxb6 Rf8 25. Nd6 Rc7 26. Nxb7 Rxb7 27. Qe3 a4 28. Nd3 axb3 29. axb3 Rf6 30. Qc5 Qf7 31. Qc8+ Bf8 32. Ne5 Qe7 33. Nc6 Qc5+ 34. Kh1 Rb6 35. Rxe6 Rxe6 36. Qxe6+ Kg7 37. Qd7+ Kg8 38. Ne5 Rf6 39. Qd1 Bd6 40. h3 Bxe5 41. fxe5 Rxf1+ 42. Qxf1 Qxe5 43. Qd1 Qc3 44. Qd5+ Kg7 45. c5 Qc1+ 46. Kh2 Qf4+ 47. g3 Qf2+ 48. Qg2 Qxc5 49. h4 Qc3 50. Qb7+ Kh6 51. Qf7 Qc2+ 52. Kh3 Qf5+ 53. Qxf5 gxf5 54. Kg2 Kh5 55. Kf3 h6 56. Kf4 Kg6 57. Ke5 h5 58. Kd5 f4 59. gxf4 Kf5 60. Kc4 Kxf4 61. Kxb4 Kg4 62. Kc5 Kxh4 63. b4 Kg3 64. b5 h4 65. b6 h3 66. b7 h2 67. b8Q+ Kg2 68. Qg8+ Kh3 69. Qh7+ Kg2 70. Qg6+ Kh3 71. Qf5+ Kg2 72. Qe4+ Kg1 73. Qg4+ Kf1 74. Qf3+ Kg1 75. Qg3+ Kh1 76. Qe1+ Kg2 77. Qe2+ Kg1 1/2-1/2

[Event "GER-ch Blitz (Women)"]
[Site "Magdeburg"]
[Date "2021.08.01"]
[Round "6"]
[White "Ries, Jutta"]
[Black "Voicu Jagodzinsky, Carmen"]
[Result "0-1"]
[WhiteElo "1976"]
[BlackElo "2247"]
[PlyCount "98"]
[EventDate "2021.08.01"]
[EventType "tourn (blitz)"]
[EventRounds "21"]
[EventCountry "GER"]
[SourceTitle "CBM 203 Extra"]
[Source "ChessBase"]
[SourceDate "2021.09.30"]
[SourceVersion "1"]
[SourceVersionDate "2021.09.30"]
[SourceQuality "1"]

1. f4 d5 2. Nf3 g6 3. e3 Bg7 4. Be2 c5 5. 0-0 Nc6 6. Bb5 Bg4 7. Bxc6+ bxc6 8. d3 e6 9. Nbd2 Ne7 10. Qe1 Rb8 11. c3 d4 12. Ne5 dxe3 13. Qxe3 Bf5 14. Ndc4 h5 15. Qxc5 0-0 16. Ne3 Qc7 17. Nxf5 Nxf5 18. d4 Rb6 19. a4 Rc8 20. b4 Kh7 21. Nc4 Rbb8 22. b5 cxb5 23. axb5 Qxc5 24. dxc5 Rxc5 25. Ne5 Bxe5 26. fxe5 Rbxb5 27. Rxa7 Kg7 28. h3 h4 29. Ba3 Rxc3 30. Be7 Rxe5 31. Bb4 Rc2 32. Rf2 Ree2 33. Rxe2 Rxe2 34. Bc3+ e5 35. Ra5 f6 36. Ra7+ Kh6 37. Bb4 Ng3 38. Bf8+ Kg5 39. Ra1 e4 40. Bd6 Nf5 41. Bc7 Ne3 42. Bd8 Rxg2+ 43. Kh1 Rg3 44. Ra5+ Nf5 45. Kh2 e3 46. Ra2 Rf3 47. Kg1 Ng3 48. Ra5+ Rf5 49. Ra3 e2 0-1

[Event "GER-ch Blitz (Women)"]
[Site "Magdeburg"]
[Date "2021.08.01"]
[Round "7"]
[White "Stangl, Anita"]
[Black "Ries, Jutta"]
[Result "0-1"]
[WhiteElo "2005"]
[BlackElo "1976"]
[PlyCount "132"]
[EventDate "2021.08.01"]
[EventType "tourn (blitz)"]
[EventRounds "21"]
[EventCountry "GER"]
[SourceTitle "CBM 203 Extra"]
[Source "ChessBase"]
[SourceDate "2021.09.30"]
[SourceVersion "1"]
[SourceVersionDate "2021.09.30"]
[SourceQuality "1"]

1. e4 Nf6 2. Nc3 d5 3. e5 Nfd7 4. d4 c5 5. Nf3 Nc6 6. dxc5 e6 7. Bb5 Bxc5 8. 0-0 0-0 9. Bf4 a6 10. Bd3 f5 11. exf6 Nxf6 12. Ne5 Nb4 13. Bg5 Nxd3 14. Qxd3 Bd6 15. Ng4 Be7 16. Ne5 Nh5 17. Bxe7 Qxe7 18. Rae1 Nf4 19. Qg3 Qf6 20. Ng4 Qf5 21. Ne2 Kh8 22. Nxf4 Qxf4 23. Qxf4 Rxf4 24. Ne5 Kg8 25. g3 Rb4 26. b3 Rb6 27. f4 Rd6 28. Rd1 b5 29. Rd2 Bb7 30. Rfd1 Rad8 31. Kf2 b4 32. Rd4 a5 33. R1d2 Rc8 34. Ke3 Ra6 35. R4d3 Ra7 36. Nf3 Ba6 37. Rd4 h6 38. Ne5 Rac7 39. a3 Rxc2 40. axb4 axb4 41. Rxb4 R8c3+ 42. Kd4 Rxb3 43. Rxb3 Rxd2+ 44. Kc5 Rxh2 45. Kd6 Rg2 46. g4 Be2 47. Rb8+ Kh7 48. f5 exf5 49. gxf5 h5 50. Nf7 g5 51. Kxd5 Kg7 52. Ne5 h4 53. Rb7+ Kg8 54. Ke6 Bg4 55. Nxg4 Rxg4 56. f6 Re4+ 57. Kf5 Re1 58. Kxg5 h3 59. Kg6 Rg1+ 60. Kh6 h2 61. Rb8+ Kf7 62. Rb7+ Kxf6 63. Rb6+ Ke7 64. Rb7+ Kd6 65. Rb6+ Kc7 66. Rb5 h1Q+ 0-1

[Event "GER-ch (Women)"]
[Site "Magdeburg"]
[Date "2021.07.28"]
[Round "5"]
[White "Ries, Jutta"]
[Black "Muedder, Melanie"]
[Result "1/2-1/2"]
[WhiteElo "1976"]
[BlackElo "1950"]
[PlyCount "80"]
[EventDate "2021.07.25"]
[EventType "swiss"]
[EventRounds "9"]
[EventCountry "GER"]
[SourceTitle "CBM 203 Extra"]
[Source "ChessBase"]
[SourceDate "2021.09.30"]
[SourceVersion "1"]
[SourceVersionDate "2021.09.30"]
[SourceQuality "1"]

1. f4 Nf6 2. Nf3 g6 3. b3 Bg7 4. Bb2 0-0 5. e3 d5 6. Bd3 c5 7. 0-0 a6 8. Nc3 Nc6 9. Ne2 b5 10. Ng3 Nb4 11. Be2 d4 12. exd4 Nfd5 13. c3 Nc6 14. Ne5 Qb6 15. dxc5 Qxc5+ 16. d4 Qb6 17. Nxc6 Qxc6 18. Bf3 Bb7 19. Qd2 Qc7 20. Rae1 Rad8 21. Bxd5 Rxd5 22. Qe2 e6 23. Ne4 Ba8 24. Rf2 b4 25. cxb4 Rxd4 26. Nc5 a5 27. Bxd4 Bxd4 28. Kf1 axb4 29. Ne4 Bxe4 30. Qxe4 Bxf2 31. Kxf2 Qc5+ 32. Qe3 Qa5 33. Re2 Rd8 34. Rd2 Rxd2+ 35. Qxd2 Qc5+ 36. Qe3 Qc2+ 37. Qe2 Qc5+ 38. Qe3 Qc2+ 39. Qe2 Qc5+ 40. Qe3 Qc2+ 1/2-1/2

[Event "GER-ch (Women)"]
[Site "Magdeburg"]
[Date "2021.07.26"]
[Round "2"]
[White "Ries, Jutta"]
[Black "Zhou, Lepu Coco"]
[Result "1-0"]
[WhiteElo "1976"]
[BlackElo "1873"]
[PlyCount "49"]
[EventDate "2021.07.25"]
[EventType "swiss"]
[EventRounds "9"]
[EventCountry "GER"]
[SourceTitle "CBM 203 Extra"]
[Source "ChessBase"]
[SourceDate "2021.09.30"]
[SourceVersion "1"]
[SourceVersionDate "2021.09.30"]
[SourceQuality "1"]

1. f4 d5 2. Nf3 Nf6 3. b3 g6 4. Bb2 Bg7 5. e3 0-0 6. g3 c5 7. Bg2 Nc6 8. 0-0 d4 9. exd4 cxd4 10. Na3 Bf5 11. h3 d3 12. c3 h5 13. Nc4 Nd5 14. Nh4 e6 15. Ba3 Re8 16. Nd6 Qb6+ 17. Kh2 Red8 18. Nhxf5 gxf5 19. Bxd5 Qa5 20. Bxc6 Qxa3 21. Nc4 Qe7 22. Bg2 h4 23. Qf3 b5 24. Ne5 Rac8 25. Nc6 1-0

[Event "GER-ch (Women)"]
[Site "Magdeburg"]
[Date "2021.07.25"]
[Round "1"]
[White "Lederer, Leia"]
[Black "Ries, Jutta"]
[Result "0-1"]
[WhiteElo "1754"]
[BlackElo "1976"]
[PlyCount "132"]
[EventDate "2021.07.25"]
[EventType "swiss"]
[EventRounds "9"]
[EventCountry "GER"]
[SourceTitle "CBM 203 Extra"]
[Source "ChessBase"]
[SourceDate "2021.09.30"]
[SourceVersion "1"]
[SourceVersionDate "2021.09.30"]
[SourceQuality "1"]

1. e4 Nf6 2. e5 Nd5 3. d4 d6 4. Nf3 g6 5. Bc4 Nb6 6. Bb3 Bg7 7. Ng5 e6 8. Qf3 Qe7 9. Ne4 d5 10. Nf6+ Bxf6 11. exf6 Qf8 12. Bf4 Na6 13. Qc3 Bd7 14. a4 Bc6 15. a5 Nd7 16. Ba4 Qb4 17. Qxb4 Nxb4 18. Bxc7 Bxa4 19. Rxa4 Nc6 20. c4 dxc4 21. Rxc4 Rc8 22. Bd6 Nxf6 23. 0-0 Kd7 24. Bb4 Nd5 25. Bd2 Nce7 26. Na3 Nf5 27. Rfc1 Rxc4 28. Rxc4 Rc8 29. Ra4 Nd6 30. f3 Rc6 31. b4 a6 32. Nb1 Nb5 33. Ra2 Nxd4 34. Na3 Ke8 35. Rb2 Nc3 36. Be3 Ndb5 37. Nxb5 Nxb5 38. g4 Nc3 39. Bd4 Nb5 40. Bc5 f6 41. f4 Kd7 42. f5 e5 43. Rd2+ Ke8 44. h4 Rc7 45. h5 gxf5 46. gxf5 Rg7+ 47. Rg2 Rxg2+ 48. Kxg2 Kd7 49. Kf3 Nd6 50. Kg4 Kc6 51. Bb6 Nf7 52. Be3 Kd5 53. h6 Ke4 54. Bb6 Nxh6+ 55. Kh5 Nf7 56. Kg4 h5+ 57. Kxh5 Kxf5 58. Bc5 Ng5 59. Be3 Nf3 60. Bc1 Ke4 61. Kg4 f5+ 62. Kg3 Ne1 63. Bd2 Nd3 64. Bc3 Ke3 65. Kg2 Ke2 66. Kg3 f4+ 0-1

[Event "BL2 Sued 1920 (Women)"]
[Site "Germany"]
[Date "2019.12.14"]
[Round "3.2"]
[White "Skibbe, Diana"]
[Black "Ries, Jutta"]
[Result "1-0"]
[WhiteElo "1986"]
[BlackElo "1986"]
[PlyCount "153"]
[EventDate "2019.09.14"]
[EventType "team-tourn"]
[EventRounds "7"]
[EventCountry "GER"]
[SourceTitle "EXT 2021"]
[Source "ChessBase"]
[SourceDate "2020.10.23"]
[SourceVersion "1"]
[SourceVersionDate "2020.10.23"]
[SourceQuality "1"]
[WhiteTeam "Zeulenroda Rochade (W)"]
[BlackTeam "Gernsheim (W)"]
[WhiteTeamCountry "GER"]
[BlackTeamCountry "GER"]

1. e4 Nf6 2. e5 Nd5 3. c4 Nb6 4. d4 d6 5. exd6 exd6 6. Bd3 Nc6 7. Ne2 Nb4 8. 0-0 Nxd3 9. Qxd3 Qf6 10. Ng3 Bd7 11. Nc3 0-0-0 12. a4 Qg6 13. Qxg6 hxg6 14. b3 Kb8 15. Bg5 f6 16. Be3 Be7 17. a5 Nc8 18. d5 f5 19. Nge2 Bf6 20. Bd4 g5 21. f4 Bxd4+ 22. Nxd4 g4 23. Rae1 Rde8 24. g3 c5 25. dxc6 bxc6 26. b4 Kc7 27. c5 g6 28. Rc1 dxc5 29. bxc5 Ne7 30. Rf2 Rb8 31. Re2 Rhe8 32. Rce1 Nd5 33. Nxd5+ cxd5 34. c6 Rxe2 35. Rxe2 Be8 36. Kf2 Rc8 37. Nb5+ Kd8 38. Nd6 Rxc6 39. Nxe8 Ra6 40. Ng7 Kd7 41. Ke3 Rxa5 42. Kd4 Ra4+ 43. Kxd5 Ra5+ 44. Kd4 Ra4+ 45. Kc5 Ra6 46. Rb2 Ra5+ 47. Kd4 Kd6 48. Ne8+ Kd7 49. Re2 Ra4+ 50. Kc5 Ra6 51. Re3 Ra5+ 52. Kb4 Ra6 53. Ng7 Rb6+ 54. Kc4 Ra6 55. Re5 Rc6+ 56. Kd4 Ra6 57. Nxf5 gxf5 58. Rxf5 Ke6 59. Rg5 Ra2 60. Rxg4 Rxh2 61. Rg6+ Kf5 62. Rg5+ Kf6 63. Ke4 Ra2 64. Rc5 Ra4+ 65. Kf3 a5 66. Rc6+ Kg7 67. Kg4 Ra3 68. Ra6 a4 69. f5 Kf7 70. Kf4 Ra1 71. Kg5 a3 72. Ra7+ Ke8 73. g4 a2 74. f6 Kd8 75. f7 Rf1 76. Kg6 Rxf7 77. Kxf7 1-0

[Event "BL2 Sued 1920 (Women)"]
[Site "Germany"]
[Date "2019.09.15"]
[Round "2.2"]
[White "Siegl, Melina"]
[Black "Ries, Jutta"]
[Result "0-1"]
[WhiteElo "2018"]
[BlackElo "1986"]
[PlyCount "114"]
[EventDate "2019.09.14"]
[EventType "team-tourn"]
[EventRounds "7"]
[EventCountry "GER"]
[SourceTitle "EXT 2021"]
[Source "ChessBase"]
[SourceDate "2020.10.23"]
[SourceVersion "1"]
[SourceVersionDate "2020.10.23"]
[SourceQuality "1"]
[WhiteTeam "Stuttgart Wolfbusch (W)"]
[BlackTeam "Gernsheim (W)"]
[WhiteTeamCountry "GER"]
[BlackTeamCountry "GER"]

1. e4 Nf6 2. e5 Nd5 3. d4 d6 4. c4 Nb6 5. exd6 exd6 6. Be2 Be7 7. Nc3 Bf5 8. a3 0-0 9. Nf3 Bf6 10. Be3 Re8 11. 0-0 d5 12. c5 Nc4 13. Bc1 Nc6 14. b3 N4a5 15. Bf4 Nxd4 16. Nxd4 Bxd4 17. Bxc7 Qxc7 18. Nb5 Qe5 19. Nxd4 Nxb3 20. Qxb3 Qxd4 21. Bf3 Be6 22. Rac1 Rac8 23. Rfd1 Qe5 24. Bxd5 Bxd5 25. Qxd5 Qxd5 26. Rxd5 Rcd8 27. Rd6 Kf8 28. Kf1 Rc8 29. Rd7 Re7 30. Rd3 Rec7 31. Rdc3 Rc6 32. Ke2 b6 33. Kd3 bxc5 34. Rc4 Ke7 35. Kc3 Ra6 36. a4 Rh6 37. h4 Kd6 38. g3 Rf6 39. f4 Rg6 40. Rd1+ Kc6 41. Rd3 Re8 42. Kb3 Rd6 43. Rdc3 Rd5 44. g4 Re1 45. Rc2 Re3+ 46. Kb2 Red3 47. Re4 R3d4 48. Re7 Rxf4 49. Rxa7 Kb6 50. Re7 Rxa4 51. Rxf7 Rxg4 52. Re2 Rd3 53. h5 Rh3 54. Rf5 g6 55. hxg6 Rxg6 56. Rc2 Rc6 57. Rf8 c4 0-1

[Event "GER-ch op (Women)"]
[Site "Bayerisch Eisenstein"]
[Date "2019.08.02"]
[Round "7"]
[White "Ries, Jutta"]
[Black "Pribylova, Ruzena"]
[Result "1-0"]
[WhiteElo "1983"]
[BlackElo "1867"]
[PlyCount "181"]
[EventDate "2019.07.27"]
[EventType "swiss"]
[EventRounds "9"]
[EventCountry "GER"]
[SourceTitle "CBM 191 Extra"]
[Source "ChessBase"]
[SourceDate "2019.09.30"]
[SourceVersion "1"]
[SourceVersionDate "2019.09.30"]
[SourceQuality "1"]

1. f4 d5 2. Nf3 Nf6 3. e3 e6 4. b3 Be7 5. Bb2 0-0 6. Bd3 c5 7. 0-0 Nc6 8. a3 b6 9. Qe1 Ne4 10. Nc3 f5 11. Bb5 Bb7 12. d3 Nd6 13. Bxc6 Bxc6 14. Ne2 Rc8 15. Qg3 Bf6 16. Bxf6 Qxf6 17. Ne5 Rfe8 18. c3 Bb7 19. Rad1 Rc7 20. c4 a6 21. Rb1 b5 22. Rfc1 Rec8 23. h4 Nf7 24. Nxf7 Kxf7 25. Qg5 Qxg5 26. hxg5 Kg6 27. Kf2 h6 28. gxh6 gxh6 29. cxd5 Bxd5 30. Nc3 Bb7 31. Ne2 Kf6 32. Rh1 Rh7 33. Rbc1 h5 34. Rh2 Bd5 35. Rb1 e5 36. fxe5+ Kxe5 37. Nf4 Bf7 38. Ke2 Be8 39. Kf2 Rcc7 40. Rh4 Bf7 41. Nh3 Rg7 42. Ng1 Rg4 43. Nf3+ Kf6 44. Rhh1 Rg8 45. Rhc1 Rgc8 46. Rb2 Bd5 47. Rh1 Bf7 48. Nd2 Kg5 49. Nf3+ Kf6 50. Rh4 Rd8 51. Ne1 Kg5 52. Rf4 Bd5 53. Ke2 h4 54. Nf3+ Bxf3+ 55. Rxf3 Rcd7 56. Rd2 Rh8 57. Kd1 Kf6 58. Kc2 Ke5 59. Rdf2 Rh5 60. Rf4 Rd6 61. Kc3 h3 62. gxh3 Rxh3 63. Rxf5+ Ke6 64. Rf6+ Ke7 65. Rxd6 Kxd6 66. Rf6+ Kc7 67. e4 Kb7 68. a4 Rh1 69. axb5 axb5 70. b4 cxb4+ 71. Kxb4 Rb1+ 72. Kc3 b4+ 73. Kc2 Ra1 74. Rd6 Ra3 75. e5 Kc7 76. Rd4 Kc6 77. Rxb4 Kc5 78. Rb3 Ra1 79. Kc3 Rc1+ 80. Kd2 Ra1 81. Ke3 Re1+ 82. Kf4 Kd4 83. Rb5 Rf1+ 84. Kg5 Kxd3 85. e6 Kd4 86. Kg6 Rg1+ 87. Kf7 Rf1+ 88. Ke8 Ra1 89. e7 Ra8+ 90. Kf7 Ra7 91. Kf8 1-0

[Event "GER-ch (Women)"]
[Site "chess24.com INT"]
[Date "2019.06.01"]
[Round "9"]
[White "Schulze, Lara"]
[Black "Ries, Jutta"]
[Result "1-0"]
[WhiteElo "2160"]
[BlackElo "2017"]
[PlyCount "135"]
[EventDate "2019.05.26"]
[EventType "swiss"]
[EventRounds "9"]
[EventCountry "GER"]
[SourceTitle "EXT 2020"]
[Source "ChessBase"]
[SourceDate "2019.10.17"]
[SourceVersion "1"]
[SourceVersionDate "2019.10.17"]
[SourceQuality "1"]
[WhiteTeam "Germany"]
[BlackTeam "Germany"]
[WhiteTeamCountry "GER"]
[BlackTeamCountry "GER"]

1. e4 Nf6 2. e5 Nd5 3. d4 d6 4. Nf3 g6 5. Bc4 Nb6 6. Bb3 Bg7 7. 0-0 0-0 8. a4 dxe5 9. Nxe5 Bxe5 10. dxe5 Qxd1 11. Rxd1 Kg7 12. Nc3 c6 13. Bf4 Be6 14. Bxe6 fxe6 15. Bg3 Na6 16. a5 Nd5 17. Ne4 Rad8 18. Rd2 Ndc7 19. Rad1 Rxd2 20. Rxd2 Nb8 21. f3 b6 22. b4 h6 23. Bf2 Nd5 24. c4 Nxb4 25. axb6 axb6 26. Bxb6 N4a6 27. Kf2 Kf7 28. h4 Rc8 29. Be3 Kg7 30. g4 Rf8 31. Kg3 Rc8 32. h5 g5 33. f4 gxf4+ 34. Bxf4 Rh8 35. Be3 c5 36. Nxc5 Nxc5 37. Bxc5 Rc8 38. Bxe7 Rxc4 39. Bf6+ Kf7 40. Rd8 Rc3+ 41. Kf2 Nc6 42. Rh8 Rc2+ 43. Ke3 Rc3+ 44. Kd2 Rg3 45. Rh7+ Kf8 46. Rxh6 Rxg4 47. Rh8+ Kf7 48. Rh7+ Kg8 49. Rc7 Nxe5 50. Bxe5 Rg5 51. Rc8+ Kf7 52. h6 Rh5 53. Bf4 Kg6 54. Rg8+ Kf7 55. Rg7+ Kf6 56. Kd3 e5 57. Be3 Rh3 58. Ke4 Rh4+ 59. Kf3 Rh1 60. Ra7 Kg6 61. Ke4 Rh3 62. Ra6+ Kh7 63. Bg5 Rh1 64. Kxe5 Rf1 65. Ra7+ Kg6 66. Rg7+ Kh5 67. h7 Rf5+ 68. Ke6 1-0

[Event "GER-ch (Women)"]
[Site "chess24.com INT"]
[Date "2019.05.30"]
[Round "7"]
[White "Ries, Jutta"]
[Black "Ley, Sabrina"]
[Result "1/2-1/2"]
[WhiteElo "2017"]
[BlackElo "1870"]
[PlyCount "48"]
[EventDate "2019.05.26"]
[EventType "swiss"]
[EventRounds "9"]
[EventCountry "GER"]
[SourceTitle "EXT 2020"]
[Source "ChessBase"]
[SourceDate "2019.10.17"]
[SourceVersion "1"]
[SourceVersionDate "2019.10.17"]
[SourceQuality "1"]
[WhiteTeam "Germany"]
[BlackTeam "Germany"]
[WhiteTeamCountry "GER"]
[BlackTeamCountry "GER"]

1. f4 d5 2. Nf3 g6 3. e3 Bg7 4. d4 Nf6 5. c4 0-0 6. Nc3 c6 7. Bd3 b6 8. 0-0 Bb7 9. Rb1 Nbd7 10. b4 dxc4 11. Bxc4 Nd5 12. Bxd5 cxd5 13. a4 Rc8 14. Qb3 Nf6 15. b5 Rc7 16. Ba3 Qc8 17. Rbc1 Qf5 18. Na2 Rfc8 19. Nb4 Ne4 20. Na2 Bf6 21. Rxc7 Rxc7 22. Rc1 Qc8 23. Rxc7 Qxc7 24. Bb4 h6 1/2-1/2